Las obras de la S. Madre Teresa de Jesus fundadora de la reformacion de las descalzas de N. Señora del Carmen

Detalles Bibliográficos
Autor principal: Teresa de Jesús, santa, 1515 - 1582
Formato: Libro
Lenguaje:Spanish
Publicado: en Anveres : en la emprenta Plantiniana de Balthasar Moreto, 1630
Materias:
Colección:Banco de datos
Acervo:Colección Convento de San José de Gracia del Archivo Histórico del Colegio de San Ignacio de Loyola. Vizcaínas
Descripción Física:6 t. ; 4°
Tema general:Ascética
Notas:Portada alegórica en grabado calcográfico. Encuadernación italiana. Marca del impresor al final de la obra. Ex libris manuscrito en la portada: "Este libro es de el Noviciado del Convento de Ntro . Padre Sr. Sn. Jose de Gracia (81, 82, 85). Testigo: Nota manuscrita siglo XVIII (81)
LEADER 01062nam a22001810004500
035 |a 58 
041 0 |a spa 
100 1 |a Teresa de Jesús, santa, 1515 - 1582 
245 1 0 |a Las obras de la S. Madre Teresa de Jesus fundadora de la reformacion de las descalzas de N. Señora del Carmen 
260 |a en Anveres : en la emprenta Plantiniana de Balthasar Moreto, 1630 
300 |a 6 t. ; 4° 
500 |a Portada alegórica en grabado calcográfico. Encuadernación italiana. Marca del impresor al final de la obra. Ex libris manuscrito en la portada: "Este libro es de el Noviciado del Convento de Ntro . Padre Sr. Sn. Jose de Gracia (81, 82, 85). Testigo: Nota manuscrita siglo XVIII (81) 
505 0 0 |a t. 1 contiene su vida.-- t. 2 Contiene el gobierno espiritual del alma.-- t. 3 Contiene sus fundaciones y visitas religiosas 
650 1 0 |a Ascética 
949 |a t. 1 (85); t. 2 (81); t. 3 (82) 
942 |c VIZCHIST 
943 |g Colección Convento de San José de Gracia del Archivo Histórico del Colegio de San Ignacio de Loyola. Vizcaínas 
999 |c 1092802  |d 1092802